Đối thoại với các nền văn hóa : Colombia

Guardado en:
Detalles Bibliográficos
Formato: Libro
Lenguaje:Undetermined
Publicado: Thành phố Hồ Chí Minh Trẻ 2003
Materias:
Etiquetas: Agregar Etiqueta
Sin Etiquetas, Sea el primero en etiquetar este registro!
Thư viện lưu trữ: Trung tâm Học liệu Trường Đại học Cần Thơ
LEADER 00567nam a2200193Ia 4500
001 CTU_64851
008 210402s9999 xx 000 0 und d
020 |c 16000 
082 |a 986.1 
082 |b Đ451 
245 0 |a Đối thoại với các nền văn hóa : 
245 0 |b Colombia 
245 0 |c Trịnh Huy Hóa biên dịch 
260 |a Thành phố Hồ Chí Minh 
260 |b Trẻ 
260 |c 2003 
650 |a Civilizationsocial life and customs 
904 |i Trọng Hải 
980 |a Trung tâm Học liệu Trường Đại học Cần Thơ